| 000 | 00691nam a2200241Ia 4500 | ||
|---|---|---|---|
| 005 | 20250425162631.0 | ||
| 008 | 250425s9999 xx 000 0 und d | ||
| 020 | _a9780132743952 | ||
| 041 | _aeng | ||
| 082 | _a658.7 | ||
| 100 | _aCHOPRA, SUNIL | ||
| 245 | 0 | _aSUPPLY CHAIN MANAGEMENT: STRATEGY, PLANNING, AND OPERATION | |
| 250 | _a5TH ED. | ||
| 260 |
_aEstados Unidos _bPEARSON EDUCATION _c2013 |
||
| 260 | _aUPPER SADDLE RIVER | ||
| 300 | _a516 | ||
| 650 | _aADMINISTRACION DE MATERIALES | ||
| 650 | _aCANALES DE COMERCIALIZACION-GESTION | ||
| 650 | _aDISTRIBUCION FISICA DE PRODUCTOS-GESTION | ||
| 650 | _aSERVICIOS AL CLIENTE-GESTION | ||
| 942 | _c01 | ||
| 010 | _a91607 | ||
| 999 |
_c233279 _d233279 |
||